书目信息 |
| 题名: |
张大千画传
|
|
| 作者: | 刘静 , 邵菁菁 编著 | |
| 分册: | ||
| 出版信息: | 北京 中国文联出版社 2005 |
|
| 页数: | 204页 | |
| 开本: | 22cm | |
| 丛书名: | ||
| 单 册: | ||
| 中图分类: | K825.72=7 | |
| 科图分类: | ||
| 主题词: | ||
| 电子资源: | ||
| ISBN: | 7-5059-4872-5 | |
| 000 | 01079nam0 2200313 450 | |
| 000 | 01042nam0 2200301 450 | |
| 000 | 01040nam0 2200313 450 | |
| 000 | 00986nam0 2200289 450 | |
| 000 | 01015nam0 2200277 450 | |
| 000 | 00978nam0 2200265 45 | |
| 001 | TS2006023351 | |
| 005 | 20061226154357.12 | |
| 010 | @a7-5059-4872-5@dCNY29.80 | |
| 100 | @a20060829d2005 em y0chiy0120 ea | |
| 101 | 0 | @achi |
| 102 | @aCN@b110000 | |
| 105 | @aa z 000yb | |
| 200 | 1 | @a张大千画传@AZhang Da Qian Hua Chuan@f邵菁菁,刘静编著@FShao Jing Jing, Liu Jing Bian Zhu |
| 210 | @a北京@c中国文联出版社@d2005 | |
| 215 | @a204页@d22cm | |
| 330 | @a本书介绍了张大千生平事迹和创作道路,包括少年生活、艺名大扬、敦煌寻源、行遍欧北美、万里故山频入梦。 | |
| 600 | 0 | @a张大千@f(1899~1983)@x传记 |
| 690 | @aK825.72=7@v4 | |
| 701 | 0 | @a刘静@ALiu Jing@4编著 |
| 701 | 0 | @a邵菁菁@AShao Jing Jing@4编著 |
| 801 | 0 | @aCN@b中图数据@c20061226 |
| 905 | @a10447@dK825.72=7@e299SJ | |
| 张大千画传/邵菁菁,刘静编著.-北京:中国文联出版社,2005 |
| 204页;22cm |
| ISBN 7-5059-4872-5:CNY29.80 |
| 本书介绍了张大千生平事迹和创作道路,包括少年生活、艺名大扬、敦煌寻源、行遍欧北美、万里故山频入梦。 |
| ● |
| 相关链接 |
|
|
|
|
正题名:张大千画传
索取号:K825.72=7/299SJ
 
预约/预借
| 序号 | 登录号 | 条形码 | 馆藏地/架位号 | 状态 | 备注 |
| 1 | 0602219 | 206022196 | 第二样本阅览室/ [索取号:K825.72=7/299SJ] | 在馆 | |
| 2 | 0602220 | 206022203 | 第二借阅区/ [索取号:K825.72=7/299SJ] | 在馆 | |
| 3 | 0602221 | 206022212 | 第二借阅区/ [索取号:K825.72=7/299SJ] | 在馆 | |
| 4 | 0602222 | 206022221 | 密集书库/ [索取号:K825.72=7/299SJ] | 在馆 | |
| 5 | 0602223 | 206022230 | 第二借阅区/ [索取号:K825.72=7/299SJ] | 在馆 | |
| 6 | 0602224 | 206022249 | 密集书库/ [索取号:K825.72=7/299SJ] | 在馆 |